Vultures 1 Tracklist - Statistics

General Stats
  • This quiz has been taken 131 times
  • The average score is 12 of 16
Answer Stats
Answer % Correct
STARS S____
93%
CARNIVAL
91%
KEYS TO MY LIFE KEYS TO __ ____
88%
BURN
80%
F SUMN
78%
KING
77%
TALKING
77%
BACK TO ME
74%
VULTURES
74%
PROBLEMATIC
73%
PAPERWORK
72%
DO IT
69%
BEG FORGIVENESS
62%
HOODRAT
62%
PAID
62%
GOOD
58%
No matching quizzes found
Score Distribution
Percent of People with Each Score
Percentile by Number Answered
Your Score History
You have not taken this quiz